000 00514nam a22001817a 4500
005 20251108171152.0
008 250721s1990 xx 000 0 ara d
082 1 4 _a210.4/أشق
100 1 _aالأشقر، عمر سليمان
245 1 0 _aجولة في رياض العلماء و أحداث الحياة /
250 _aط3
264 1 _aالكويت :
_bدار النفائس،
_c1990.
300 _a224 ص
650 1 7 _aالإسلام
650 1 7 _aمقالات
942 _2ddc
_cBK
999 _c58367
_d58367